[Event "Moscow op-A 19th"]
[Site "Moscow"]
[Date "2023.07.20"]
[Round "4"]
[White "Kukhmazov, Arsen"]
[Black "Pechnikov, Artiom"]
[Result "1-0"]
[WhiteElo "2502"]
[BlackElo "2254"]
[PlyCount "83"]
[EventDate "2023.07.17"]
[EventType "swiss"]
[EventRounds "9"]
[EventCountry "RUS"]
[SourceTitle "CBM 215 Extra"]
[Source "ChessBase"]
[SourceDate "2023.09.30"]
[SourceVersion "1"]
[SourceVersionDate "2023.09.30"]
[SourceQuality "1"]

1. d4 d5 2. c4 c6 3. Nf3 Nf6 4. Nc3 e6 5. Bg5 Nbd7 6. e3 h6 7. Bf4 g5 8. Bg3 Nh5 9. Qc2 Nxg3 10. hxg3 Bg7 11. Rd1 Qe7 12. a3 0-0 13. Bd3 Re8 14. g4 Nb6 15. Ne5 Nxc4 16. Bxc4 dxc4 17. Ne4 b5 18. f4 f5 19. Nc5 Bxe5 20. fxe5 Kg7 21. Ke2 a5 22. Rdf1 Rf8 23. Kd2 Qe8 24. Rf3 Ra7 25. Rhf1 Raf7 26. Ke1 fxg4 27. Rf6 Rxf6 28. exf6+ Kh8 29. Qe4 g3 30. Qe5 Qg6 31. e4 Qf7 32. Qxg3 e5 33. Qxe5 Bg4 34. Qd6 b4 35. e5 Re8 36. Qxc6 c3 37. bxc3 bxc3 38. Kf2 Rd8 39. Kg1 Rxd4 40. e6 Bxe6 41. Nxe6 Rg4 42. Qc8+ 1-0

[Event "Moscow op-A 19th"]
[Site "Moscow"]
[Date "2023.07.20"]
[Round "5"]
[White "Pechnikov, Artiom"]
[Black "Bardyk, Artem"]
[Result "0-1"]
[WhiteElo "2254"]
[BlackElo "2063"]
[PlyCount "142"]
[EventDate "2023.07.17"]
[EventType "swiss"]
[EventRounds "9"]
[EventCountry "RUS"]
[SourceTitle "CBM 215 Extra"]
[Source "ChessBase"]
[SourceDate "2023.09.30"]
[SourceVersion "1"]
[SourceVersionDate "2023.09.30"]
[SourceQuality "1"]

1. e4 c6 2. d4 d5 3. exd5 cxd5 4. Bd3 Nc6 5. c3 Nf6 6. Bf4 Bg4 7. Qb3 Qc8 8. Nd2 e6 9. Ngf3 Be7 10. h3 Bh5 11. 0-0 0-0 12. Rfe1 a6 13. a4 Bg6 14. Bxg6 hxg6 15. Ne5 Nxe5 16. Bxe5 Qc6 17. a5 Rfc8 18. Re3 Nd7 19. Nf3 Qb5 20. Qd1 b6 21. b4 Rc6 22. Bf4 Rac8 23. axb6 Rxc3 24. Rxc3 Rxc3 25. Qa4 Nxb6 26. Qxa6 Qxa6 27. Rxa6 Nc8 28. b5 Kh7 29. b6 Rb3 30. Bc7 f6 31. Ra8 Rb1+ 32. Kh2 Bd6+ 33. Bxd6 Nxd6 34. Rb8 Nc4 35. b7 Nd6 36. Rd8 Nxb7 37. Re8 Rb6 38. h4 Na5 39. g4 Nb3 40. g5 Nc1 41. Re7 Kg8 42. Rc7 Nd3 43. Rc8+ Kh7 44. Kg3 Rb3 45. Nd2 Rb2 46. Nf3 Nxf2 47. Rc6 Ne4+ 48. Kf4 Rf2 49. Ke3 Rf1 50. Ra6 Ng3 51. Rb6 Kg8 52. Rb8+ Kf7 53. Rb7+ Kf8 54. Rb8+ Ke7 55. Rb7+ Kd6 56. Rb6+ Kd7 57. Rb7+ Kc6 58. Rf7 Kd6 59. gxf6 gxf6 60. Rxf6 Nf5+ 61. Ke2 Rxf3 62. Kxf3 Ke7 63. Rxf5 exf5 64. Kg3 Kf6 65. Kf4 g5+ 66. hxg5+ Kg6 67. Ke5 Kxg5 68. Kxd5 f4 69. Ke4 Kg4 70. Kd3 f3 71. Kd2 Kg3 0-1

[Event "Moscow op-A 18th"]
[Site "Moscow"]
[Date "2022.07.18"]
[Round "7"]
[White "Pechnikov, Artiom"]
[Black "Fakhrutdinov, Timur"]
[Result "1-0"]
[WhiteElo "2256"]
[BlackElo "2501"]
[PlyCount "85"]
[EventDate "2022.07.14"]
[EventType "swiss"]
[EventRounds "9"]
[EventCountry "RUS"]
[SourceTitle "CBM 209 Extra"]
[Source "ChessBase"]
[SourceDate "2022.09.30"]
[SourceVersion "1"]
[SourceVersionDate "2022.09.30"]
[SourceQuality "1"]

1. e4 c5 2. Nf3 Nc6 3. d4 cxd4 4. Nxd4 Nf6 5. Nc3 d6 6. Bg5 e6 7. Qd2 a6 8. f4 Be7 9. 0-0-0 Bd7 10. Nf3 b5 11. e5 b4 12. exf6 bxc3 13. Qxc3 gxf6 14. Bh4 d5 15. a3 Rg8 16. f5 Rg4 17. h3 Ra4 18. fxe6 fxe6 19. Nd4 Rc8 20. Nxc6 Bxc6 21. Qg3 Kd7 22. Be2 Qf8 23. c4 Bb5 24. b3 Rxa3 25. Kb2 Ba4 26. Rd3 Bd6 27. Qg4 f5 28. Qd4 Bc6 29. Bf6 Ra5 30. Ra1 Ba3+ 31. Kc2 Bc5 32. Qh4 Rxa1 33. Qxh7+ Be7 34. Bxa1 Kc7 35. Be5+ Kb6 36. Rg3 Bd6 37. Bg7 Qd8 38. Bd4+ Ka5 39. c5 Bxc5 40. Bxc5 Ba4 41. Rc3 d4 42. Qb7 Bb5 43. b4+ 1-0

[Event "Moscow op-B"]
[Site "Moscow"]
[Date "2009.02.04"]
[Round "5"]
[White "Pechnikov, Artiom"]
[Black "Piskov, Vladimir"]
[Result "1-0"]
[WhiteElo "2267"]
[BlackElo "2030"]
[PlyCount "53"]
[EventDate "2009.01.31"]
[EventType "swiss"]
[EventRounds "9"]
[EventCountry "RUS"]
[SourceTitle "EXT 2012"]
[Source "ChessBase"]
[SourceDate "2011.11.24"]
[SourceVersion "1"]
[SourceVersionDate "2011.11.24"]
[SourceQuality "1"]

1. e4 g6 2. d4 Bg7 3. Nc3 c6 4. Be3 d5 5. e5 f6 6. exf6 Nxf6 7. Nf3 Bg4 8. Be2 0-0 9. Ne5 Bxe2 10. Qxe2 Nbd7 11. f4 Nxe5 12. dxe5 Nd7 13. 0-0-0 e6 14. h4 c5 15. Bd2 Nb6 16. h5 Nc4 17. hxg6 hxg6 18. Qg4 Qe8 19. Qh4 Qc6 20. Qh7+ Kf7 21. Rh6 Rg8 22. Rxg6 Rae8 23. f5 Nxe5 24. fxe6+ Rxe6 25. Rf1+ Ke7 26. Rxg7+ Rxg7 27. Qxg7+ 1-0

[Event "Moscow op-B"]
[Site "Moscow"]
[Date "2009.02.03"]
[Round "4"]
[White "Vetryansky, Vladimir"]
[Black "Pechnikov, Artiom"]
[Result "1-0"]
[WhiteElo "2114"]
[BlackElo "2267"]
[PlyCount "105"]
[EventDate "2009.01.31"]
[EventType "swiss"]
[EventRounds "9"]
[EventCountry "RUS"]
[SourceTitle "EXT 2012"]
[Source "ChessBase"]
[SourceDate "2011.11.24"]
[SourceVersion "1"]
[SourceVersionDate "2011.11.24"]
[SourceQuality "1"]

1. e4 c5 2. Nf3 Nc6 3. d4 cxd4 4. Nxd4 Nf6 5. Nc3 e5 6. Ndb5 d6 7. Bg5 a6 8. Na3 b5 9. Bxf6 gxf6 10. Nd5 f5 11. c3 Bg7 12. Bd3 Be6 13. 0-0 0-0 14. Nc2 Rc8 15. Ndb4 Nxb4 16. Nxb4 fxe4 17. Bxe4 d5 18. Nxd5 f5 19. Bf3 Rc5 20. Re1 Qg5 21. g3 Bf7 22. Bg2 Rb8 23. Rc1 e4 24. f4 Qd8 25. Ne3 Qb6 26. Kh1 b4 27. g4 bxc3 28. bxc3 Bxc3 29. Rg1 Bd4 30. Rb1 Qxb1 31. Qxd4 Qd3 32. Qf6 Qxe3 33. gxf5 Qxf4 34. Bh3+ Kf8 35. Qh8+ Ke7 36. Qxb8 e3 37. f6+ Qxf6 38. Qb7+ Kf8 39. Qb8+ Ke7 40. Qb7+ Ke8 41. Bd7+ Kd8 42. Bc6 Qe6 43. Qb8+ Ke7 44. Qc7+ Kf6 45. Qd8+ Ke5 46. Qg5+ Kd4 47. Qf4+ Kc3 48. Bf3 Bg6 49. Qa4 Qf5 50. Qb3+ Kd4 51. Qb2+ Kc4 52. Rc1+ Kd3 53. Rd1+ 1-0

[Event "Tula Region-ch op"]
[Site "Tula"]
[Date "2008.08.07"]
[Round "7"]
[White "Pechnikov, Artiom"]
[Black "Abashkin, Anton"]
[Result "1-0"]
[WhiteElo "2241"]
[BlackElo "2270"]
[PlyCount "49"]
[EventDate "2008.08.01"]
[EventType "swiss"]
[EventRounds "9"]
[EventCountry "RUS"]
[SourceTitle "EXT 2022"]
[Source "ChessBase"]
[SourceDate "2021.10.06"]
[SourceVersion "1"]
[SourceVersionDate "2021.10.06"]
[SourceQuality "1"]

1. e4 c5 2. Nf3 Nc6 3. d4 cxd4 4. Nxd4 Nf6 5. Nc3 d6 6. Be3 g6 7. f3 Bg7 8. Qd2 0-0 9. 0-0-0 Qa5 10. g4 a6 11. h4 Rd8 12. Nb3 Qc7 13. g5 Nd7 14. Nd5 Qb8 15. h5 e6 16. Nb6 Nxb6 17. Bxb6 Rd7 18. f4 a5 19. Qh2 a4 20. Nd4 d5 21. hxg6 hxg6 22. Nxc6 Qd6 23. Bd4 Bxd4 24. Nxd4 f5 25. Qh8+ 1-0

[Event "Moscow"]
[Site "Moscow"]
[Date "2008.05.16"]
[Round "7"]
[White "Rozanov, Pavel B"]
[Black "Pechnikov, Artiom"]
[Result "1/2-1/2"]
[WhiteElo "2275"]
[BlackElo "2248"]
[PlyCount "65"]
[EventDate "2008.05.10"]
[EventType "tourn"]
[EventRounds "11"]
[EventCountry "RUS"]
[EventCategory "3"]
[SourceTitle "CBM 124 Extra"]
[Source "ChessBase"]
[SourceDate "2008.07.03"]
[SourceVersion "1"]
[SourceVersionDate "2008.07.03"]
[SourceQuality "1"]

1. e4 c5 2. b3 Nc6 3. Bb2 d6 4. Bb5 Bd7 5. f4 a6 6. Bxc6 Bxc6 7. Qe2 e6 8. Nc3 Nf6 9. Nf3 Be7 10. d4 Qa5 11. 0-0-0 b5 12. e5 dxe5 13. dxe5 Nd5 14. Nxd5 Bxd5 15. f5 0-0-0 16. f6 gxf6 17. exf6 Bd6 18. Kb1 c4 19. Qe3 Rhg8 20. Ng5 Qc7 21. Nf3 Rxg2 22. Be5 cxb3 23. c4 Bxf3 24. Rxd6 Rxd6 25. Rc1 Rd3 26. Qf4 Qa5 27. cxb5+ Kd7 28. a4 Qd2 29. Rc7+ Kd8 30. Rc8+ Kd7 31. Rc7+ Kd8 32. Rc8+ Kd7 33. Rc7+ 1/2-1/2

[Event "Moscow"]
[Site "Moscow"]
[Date "2008.05.13"]
[Round "4"]
[White "Pechnikov, Artiom"]
[Black "Komliakov, Viktor"]
[Result "0-1"]
[WhiteElo "2248"]
[BlackElo "2444"]
[PlyCount "64"]
[EventDate "2008.05.10"]
[EventType "tourn"]
[EventRounds "11"]
[EventCountry "RUS"]
[EventCategory "3"]
[SourceTitle "CBM 124 Extra"]
[Source "ChessBase"]
[SourceDate "2008.07.03"]
[SourceVersion "1"]
[SourceVersionDate "2008.07.03"]
[SourceQuality "1"]

1. e4 d6 2. d4 Nf6 3. Nc3 e5 4. dxe5 dxe5 5. Qxd8+ Kxd8 6. Nf3 Bd6 7. Bc4 Ke7 8. Bg5 c6 9. a4 h6 10. Bxf6+ Kxf6 11. 0-0 a5 12. Rad1 Bc7 13. Nh4 g6 14. Ne2 Be6 15. Bxe6 Kxe6 16. g3 Rd8 17. f4 Rxd1 18. Rxd1 Na6 19. f5+ Kf6 20. Kg2 Rd8 21. Rxd8 Bxd8 22. Kf3 Nb4 23. fxg6 fxg6 24. c3 Nd3 25. b3 Bb6 26. Ng2 h5 27. h4 Ba7 28. b4 axb4 29. cxb4 Nxb4 30. Ne3 Nd3 31. Nc3 Bd4 32. Nb1 Nb2 0-1

[Event "Moscow op-B 04th"]
[Site "Moscow"]
[Date "2008.02.09"]
[Round "8"]
[White "Pechnikov, Artiom"]
[Black "Lojko, Alexej"]
[Result "1-0"]
[WhiteElo "2228"]
[BlackElo "2095"]
[PlyCount "77"]
[EventDate "2008.02.02"]
[EventType "swiss"]
[EventRounds "9"]
[EventCountry "RUS"]
[SourceTitle "CBM 122 Extra"]
[Source "ChessBase"]
[SourceDate "2008.03.04"]
[SourceVersion "1"]
[SourceVersionDate "2008.03.04"]
[SourceQuality "1"]

1. e4 c5 2. Nf3 Nc6 3. d4 cxd4 4. Nxd4 Nf6 5. Nc3 e5 6. Ndb5 d6 7. Bg5 a6 8. Na3 b5 9. Nd5 Be7 10. Bxf6 Bxf6 11. c3 Bg5 12. Nc2 0-0 13. a4 Rb8 14. Bd3 Ne7 15. Nxe7+ Qxe7 16. axb5 axb5 17. Nb4 Bb7 18. 0-0 f5 19. exf5 e4 20. Bxb5 Rxf5 21. Bc6 Bf4 22. g3 e3 23. Qd3 Rbf8 24. Nd5 exf2+ 25. Rxf2 Qg5 26. Bxb7 Be3 27. Qxe3 Qxe3 28. Nxe3 Rxf2 29. Bd5+ Kh8 30. Rf1 Rxf1+ 31. Nxf1 g6 32. b4 Kg7 33. b5 Kf6 34. b6 Ke5 35. Ne3 g5 36. b7 h5 37. Bc6 Ke6 38. Nd5 Ke5 39. Nb6 1-0

[Event "RUS Central Region-ch U18"]
[Site "Tula"]
[Date "2004.11.09"]
[Round "8"]
[White "Pechnikov, Artiom"]
[Black "Shabanov, Gennadij S"]
[Result "1/2-1/2"]
[WhiteElo "2149"]
[BlackElo "2001"]
[PlyCount "49"]
[EventDate "2004.11.02"]
[EventType "swiss"]
[EventRounds "9"]
[EventCountry "RUS"]
[SourceTitle "EXT 2006"]
[Source "ChessBase"]
[SourceDate "2005.11.24"]
[SourceVersion "1"]
[SourceVersionDate "2005.11.24"]
[SourceQuality "1"]

1. e4 d6 2. d4 Nf6 3. Nc3 e5 4. Nf3 Nbd7 5. Be3 Be7 6. Bc4 0-0 7. 0-0 c6 8. a4 a5 9. Qe2 Qc7 10. Rad1 b6 11. d5 Bb7 12. Rd2 cxd5 13. Bxd5 Bxd5 14. Nxd5 Nxd5 15. Rxd5 Nf6 16. Rb5 Rab8 17. Bg5 Ne8 18. Bxe7 Qxe7 19. Rd1 Nc7 20. Rb3 Ne6 21. Rc3 Nc5 22. b3 Rbd8 23. Nd2 Ne6 24. Nc4 Nd4 25. Qd2 1/2-1/2

[Event "RUS Central Region-ch U18"]
[Site "Tula"]
[Date "2004.11.03"]
[Round "2"]
[White "Pechnikov, Artiom"]
[Black "Nikonov, Nikolaj"]
[Result "1-0"]
[WhiteElo "2149"]
[BlackElo "2210"]
[PlyCount "65"]
[EventDate "2004.11.02"]
[EventType "swiss"]
[EventRounds "9"]
[EventCountry "RUS"]
[SourceTitle "EXT 2006"]
[Source "ChessBase"]
[SourceDate "2005.11.24"]
[SourceVersion "1"]
[SourceVersionDate "2005.11.24"]
[SourceQuality "1"]

1. e4 e6 2. d4 d5 3. Nd2 Nf6 4. e5 Nfd7 5. Bd3 c5 6. c3 Nc6 7. Ne2 cxd4 8. cxd4 f6 9. exf6 Nxf6 10. Nf3 Bd6 11. 0-0 Qc7 12. Bg5 0-0 13. Ng3 h6 14. Bxf6 Rxf6 15. Rc1 g6 16. Nh4 Qf7 17. Bb1 Bd7 18. Qd3 Nb4 19. Qd2 g5 20. Nf3 Nc6 21. Qd3 Nb4 22. Qd2 a5 23. Ne5 Qe8 24. a3 Nc6 25. Qd3 Nxe5 26. dxe5 Bxe5 27. Rce1 Bc7 28. Qh7+ Kf8 29. Nf5 Rxf5 30. Bxf5 Qh5 31. h3 exf5 32. Re7 Be5 33. Rxe5 1-0